000 00711nam a2200229 i 4500
001 C2-0306654
003 PPAK
005 20180728092954.0
008 101202s1991 my a|||| ||||| | zxx d
040 _aPPAK
_beng
_cPPAK
_erda
082 0 4 _a377.97
_223
090 0 0 _a377.97
_bSAT
_dKSA
245 0 0 _aSatu dekad :
_bMaahad Tarbiyah Islamiyah
264 1 _aPokok Sena, Kedah :
_bMaahad Tarbiyah Islamiyah ,
_c1991
300 _a91 pages :
_billustrations ;
_c21 cm
336 _2rdacontent
_atext
337 _2rdamedia
_aunmediated
338 _2rdacarrier
_avolume
500 _aBuku Cenderamata
650 1 0 _aIslamic - Education - Kedah. ; Islamic - Universities and colleges - Kedah.
942 _ddc
_cB
999 _c109525
_d109525